| 000 | 00580cam a22002291 4500 | ||
|---|---|---|---|
| 001 | sa 67002228 | ||
| 003 | DLC | ||
| 005 | 20260227112329.0 | ||
| 008 | 810815s1965 xx 000 0 mal | ||
| 010 | _asa 67002228 | ||
| 035 | _a(OCoLC)14611126 | ||
| 040 |
_aDLC _cDNLM _dDLC |
||
| 042 | _apremarc | ||
| 050 | 0 | 0 |
_aRZ412 _b.K8 |
| 060 | 0 | 0 |
_aWB 890 _bK97j 1965 |
| 100 | 1 | _aKumaran, P. | |
| 245 | 1 | 0 | _aJīvarasāyana candrika. |
| 260 |
_an. p., _c1965] |
||
| 300 |
_aix, xx, 242 p. _bports. |
||
| 500 | _aIn Malayalam. | ||
| 700 | 1 |
_aSchüssler, Wilhelm Heinrich, _d1821-1898 |
|
| 999 |
_c73138 _d73138 |
||